| 000 | 01474nam a2200445 i 4500 | ||
|---|---|---|---|
| 001 | 43767 | ||
| 003 | KOSZ 005 | ||
| 005 | 20230118150852.0 | ||
| 008 | 040227s1974 pl f |000 0 pol d | ||
| 020 | _a8321340687 | ||
| 040 |
_cKOSZ 005 _aKOSZ 005 _dKOSZ 005/HR |
||
| 041 | 0 | _apol | |
| 046 | _k1974 | ||
| 080 | _a72.01 | ||
| 080 | _a744 | ||
| 080 | _a7.01 | ||
| 080 | _a(075.8) | ||
| 100 | 1 |
_aSuzin, Leon Marek _d(1901-1976) _eAutor |
|
| 245 | 1 | 0 |
_aPerspektywa wykresowa dla architektów / _cLeon Marek Suzin. |
| 250 | _aWyd. 2. | ||
| 260 |
_aWarszawa : _b"Arkady", _c1998. |
||
| 300 |
_a178, [1] s. : _bil. ; _c21 cm x 30 cm. |
||
| 336 |
_2rdacontent _aTekst _btxt |
||
| 337 |
_2rdamedia _aBez urządzenia pośredniczącego _bn |
||
| 338 |
_2rdacarrier _aWolumin _bnc |
||
| 380 | _aKsiążki | ||
| 388 | _a1901-2000 | ||
| 388 | _a1945-1989 | ||
| 504 | _aBibliogr. | ||
| 521 | _aPodręcznik dla studentów architektury, a ponadto może stanowić pomoc dla wszystkich, którzy pragną doskonalić swe umiejętności rysunkowe. | ||
| 650 | 7 | _aPerspektywa | |
| 650 | 7 | _aGeometria wykreślna | |
| 650 | 7 | _aBudownictwo | |
| 655 | 7 | _aRysunek techniczny | |
| 655 | 7 | _aPodręczniki akademickie | |
| 658 | _aArchitektura i budownictwo | ||
| 710 | 2 | _aWydawnictwo Arkady | |
| 856 |
_uhttp://koha.tu.koszalin.pl/cgi-bin/koha/opac-detail.pl?biblionumber=43767 _yKatalog online BPK |
||
| 942 |
_cKS _2UKD |
||
| 999 |
_c43767 _d43767 |
||